000 00215nam a22000857a 4500
001 1235233
005 20250930113926.0
245 _aBAŞARI VE BAŞARISIZLIK
_cBRIGITTE LABBE
260 _bGÜNIŞIĞI KİTAPLIĞI YAYINLARI
999 _c1235233
_d1235233